banner koha

Ecosistemas de febre aftosa no Estado do Rio Grande do Sul (Registro n. 76435)

MARC details
000 -LÍDER
campo de controle de tamanho fixo 01225nam a22004097a 4500
001 - NÚMERO DE CONTROLE
campo de controle BR2011004476
003 - IDENTIFICADOR DO NÚMERO DE CONTROLE
campo de controle BR-BrBNA
005 - DATA E HORÁRIO DA ÚLTIMA TRANSAÇÃO
campo de controle 20230928103738.0
007 - CAMPO FIXO DE DESCRIÇÃO FÍSICA--INFORMAÇÃO GERAL
campo de controle de tamanho fixo ta
008 - CAMPO DE DADOS FIXOS--INFORMAÇÃO GERAL
campo de controle de tamanho fixo 230509b bl.||||| |||| 00| 0 por d
040 ## - FONTE DA CATALOGAÇÃO
Instituição da catalogação original BR-BrBNA
Idioma da catalogação por
Instituição que transcreveu o registro Biblioteca Nacional de Agricultura
041 ## - CÓDIGO DE IDIOMA
Código do idioma do texto/trilha sonora ou título diferente (Por)
072 ## - CÓDIGO DE CATEGORIA DE ASSUNTO
Código de Categoria de Assunto L73
Código do objeto 5212
090 ## - NÚMERO DE CHAMADA LOCAL
-- 5212 BR2011004476
100 1# - ENTRADA PRINCIPAL--NOME PESSOAL
Nome pessoal Jorgens, E.N.
100 1# - ENTRADA PRINCIPAL--NOME PESSOAL
Nome pessoal Genovese, M.A.
100 1# - ENTRADA PRINCIPAL--NOME PESSOAL
Nome pessoal Sathler, A.B.
100 1# - ENTRADA PRINCIPAL--NOME PESSOAL
Nome pessoal Carneiro, J.C.G.
100 1# - ENTRADA PRINCIPAL--NOME PESSOAL
Nome pessoal figueiredo, S.B.
100 1# - ENTRADA PRINCIPAL--NOME PESSOAL
Nome pessoal Silva, E.A. da
100 1# - ENTRADA PRINCIPAL--NOME PESSOAL
Nome pessoal Gonçalves Coelho, R.
100 1# - ENTRADA PRINCIPAL--NOME PESSOAL
Nome pessoal Moura, H.B. de
100 1# - ENTRADA PRINCIPAL--NOME PESSOAL
Nome pessoal Santos, R.S. dos
100 1# - ENTRADA PRINCIPAL--NOME PESSOAL
Nome pessoal Fretes, E.A. de
100 1# - ENTRADA PRINCIPAL--NOME PESSOAL
Nome pessoal Sacchetti, H.P.
111 1# - ENTRADA PRINCIPAL--NOME DO EVENTO
Nome do evento ou lugar 2. Curso de epidemiologia e sistemas de informação centro panamericano de febre aftosa
Local do evento Rio de Janeiro, RJ (Brazil)
245 1# - TÍTULO
Título Ecosistemas de febre aftosa no Estado do Rio Grande do Sul
260 3# - PUBLICAÇÃO, DISTRIBUIÇÃO, ETC.
Local de publicação, distribuição, etc. Rio Grande do Sul, RS (Brasil):
Data da publicação, distribuição, etc. [nd].
300 ## - DESCRIÇÃO FÍSICA
Extensão 52 p.
500 ## - NOTA GERAL
Nota geral Published 1970?; 29 illus.; 23 graphs.; 5 tables
650 ## - ASSUNTO--TERMO TÓPICO
Cabeçalho tópico ou nome geográfico RIO GRANDE DO SUL
650 ## - ASSUNTO--TERMO TÓPICO
Cabeçalho tópico ou nome geográfico PECUÁRIA
650 ## - ASSUNTO--TERMO TÓPICO
Cabeçalho tópico ou nome geográfico AFTOSA
650 ## - ASSUNTO--TERMO TÓPICO
Cabeçalho tópico ou nome geográfico ECOSSISTEMA
909 ## -
-- 202309
-- Lucia
-- 55
-- Lucia Elande
942 ## - ELEMENTOS DE ENTRADA ADICIONADOS (KOHA)
Tipo de material Koha Livros
Exemplares
Situação do descarte Fonte da classificação ou esquema de arquivamento na estante Situação física Não pode ser emprestado Coleção Biblioteca de origem Biblioteca atual Total de empréstimos Número de telefone completo Código de barras Data de último acesso Número do exemplar Tipo de material Koha Situação das perdas Data de aquisição Fonte de aquisição
  Classificação AGRIS       Biblioteca Nacional de Agricultura - Binagri Biblioteca Nacional de Agricultura - Binagri   5212 BR2011004476 5212 BR2011004476 25/09/2023 01 Livros   2023-09-25 Portaria Interministerial nº 164/94

BINAGRI

Telefone: (61)3218-2567/2388/3357/2097 - binagri@agro.gov.br

Ministério da Agricultura e Pecuária , Esplanada dos Ministérios, Bloco D, Anexo B, Brasília/DF, CEP: 70.043-900